|
|
|
|
| LEADER |
01755nam a2200397 i 4500 |
| 001 |
EBC1207764 |
| 003 |
MiAaPQ |
| 005 |
20200520144314.0 |
| 006 |
m o d | |
| 007 |
cr cnu|||||||| |
| 008 |
171129t20172013enk ob 000 0 eng d |
| 020 |
|
|
|z 9781909293540
|
| 020 |
|
|
|a 9781909293564
|q (electronic bk.)
|
| 035 |
|
|
|a (MiAaPQ)EBC1207764
|
| 035 |
|
|
|a (Au-PeEL)EBL1207764
|
| 035 |
|
|
|a (OCoLC)854972019
|
| 040 |
|
|
|a MiAaPQ
|b eng
|e rda
|e pn
|c MiAaPQ
|d MiAaPQ
|
| 050 |
|
4 |
|a HD60
|b .M353 2017
|
| 082 |
0 |
|
|a 658.4012
|2 23
|
| 100 |
1 |
|
|a McKay, Alexandra,
|e author.
|
| 245 |
1 |
0 |
|a Strategic sustainability :
|b why it matters to your business and how to make it happen /
|c Alexandra McKay.
|
| 264 |
|
1 |
|a London, [England] ;
|a New York, New York :
|b Routledge,
|c 2017.
|
| 264 |
|
4 |
|c 2013
|
| 300 |
|
|
|a 1 online resource (45 pages)
|
| 336 |
|
|
|a text
|2 rdacontent
|
| 337 |
|
|
|a computer
|2 rdamedia
|
| 338 |
|
|
|a online resource
|2 rdacarrier
|
| 504 |
|
|
|a Includes bibliographical references.
|
| 588 |
|
|
|a Description based on online resource; title from PDF title page (EBC, viewed November 29, 2017).
|
| 590 |
|
|
|a Electronic reproduction. Ann Arbor, MI : ProQuest, 2016. Available via World Wide Web. Access may be limited to ProQuest affiliated libraries.
|
| 650 |
|
0 |
|a Environmental policy.
|
| 650 |
|
0 |
|a Social responsibility of business.
|
| 655 |
|
4 |
|a Electronic books.
|
| 776 |
0 |
8 |
|i Print version:
|a McKay, Alexandra.
|t Strategic sustainability : why it matters to your business and how to make it happen.
|d London, [England] ; New York, New York : Routledge, 2017, c2013
|h approximately 45 pages
|z 9781909293540
|
| 797 |
2 |
|
|a ProQuest (Firm)
|
| 856 |
4 |
0 |
|u https://ebookcentral.proquest.com/lib/matrademy/detail.action?docID=1207764
|z Click to View
|